header

Inka human sacrifice and mountain worship (Record no. 11057)

MARC details
000 -LEADER
fixed length control field 01490nam a2200373Ia 4500
082 04 - DEWEY DECIMAL CLASSIFICATION NUMBER
Classification number 299.8/8323
100 1# - MAIN ENTRY--AUTHOR NAME
Personal name Besom, Thomas,
245 10 - TITLE STATEMENT
Title Inka human sacrifice and mountain worship
260 ## - PUBLICATION, DISTRIBUTION, ETC. (IMPRINT)
Place of publication Albuquerque :
Name of publisher University of New Mexico Press,
Year of publication c2013.
300 ## - PHYSICAL DESCRIPTION
Number of Pages xviii, 309 p.
650 #0 - SUBJECT ADDED ENTRY--TOPICAL TERM
Topical Term Incas
Topical Term Incas
Topical Term Incas
Topical Term Human sacrifice
Topical Term Mountains
856 40 - ELECTRONIC LOCATION AND ACCESS
Uniform Resource Identifier http://site.ebrary.com/lib/rucke/Doc?id=10689948

No items available.

© 2026 Rongo University
Contact us: librarian | system librarian | Rongo university